000 00555nam a2200193Ia 4500
005 20251006225605.0
008 251006t1997||||xx |||||||||||||| ||und||
040 _aCBC
100 _aAldana Rivera, Susana
245 _aNo por la honra sino por el interés : piratas y comerciantes a fines del siglo XVII
300 _ap. 15-44
650 _aCOMERCIANTES
650 _aHISTORIA ECONOMICA
650 _aSIGLO XVII
650 _aTRAFICO MARITIMO
651 _aAMERICA
773 _aBoletin del Instituto Riva Agüero No. 24 (1997)
942 _tMJCh
999 _c13941
_d13941